000 00948nam a2200277 a 4500
001 000023615
005 20250225110539.0
008 101215s1999 sp a r 000 0 spa d
020 _a8420639761
040 _aDO-SdBNP
_bspa
_cBNPHU
041 1 7 _aspa
_heng
_2Código de idioma MARC
082 _a575.1
_bD879g
100 1 _aDulbecco, Renato
_948654
240 1 0 _aI geni e il nostro futuro.
_lEspañol.
245 1 4 _aLos genes y nuestro futuro :
_bla apuesta del Proyecto Genoma /
_cRenato Dulbecco ; traducción Esther Benítez.
260 _aMadrid :
_bAlianza,
_c1999.
300 _a243, [4] p. :
_bil. ;
_c18 cm.
490 1 _aEl libro de bolsillo
_abiología
_v2751
534 _aTítulo original:
_tI geni e il nostro futuro
650 4 _aGenes
_948655
650 4 _aGenética
_948656
650 0 _aBiología
_927259
700 1 _aBenítez, Esther
_etr.
_913796
830 0 _aEl libro de bolsillo ;
_pbiología
_v2751
_948657
049 _aBNGR
999 _c23111
_d23111